|
|
|
|
| LEADER |
00736nam a2200205 a 4500 |
| 001 |
c000085749 |
| 003 |
CARM |
| 005 |
00000000000000.0 |
| 008 |
920811s1934 enk 00011 eng d |
| 019 |
1 |
|
|a 9184943
|5 LACONCORD2021
|
| 035 |
|
|
|a (OCoLC)221069332
|5 LACONCORD2021
|
| 040 |
|
|
|a VLINC
|c VLINC
|
| 100 |
1 |
|
|a Foster, George Cecil,
|d 1893-
|
| 245 |
1 |
4 |
|a The rift in the loot /
|c Geo. C. Foster.
|
| 260 |
|
|
|a London :
|b Nicholson & Watson,
|c 1934.
|
| 300 |
|
|
|a 352 p. ;
|c 19 cm.
|
| 852 |
8 |
|
|b CARM
|h A2:AH04G0
|i A01883
|p 0135179
|f BK
|
| 082 |
0 |
4 |
|a 823.912
|2 20
|
| 999 |
f |
f |
|i 9e2ec320-b997-50aa-a29c-4f082b97f533
|s 7b3d40cf-b5d4-58eb-ace0-fa3980679c48
|
| 952 |
f |
f |
|p Can circulate
|a CAVAL
|b CAVAL
|c CAVAL
|d CARM 1 Store
|e A01883
|f A2:AH04G0
|h Other scheme
|i book
|m 0135179
|